Statystyki dla Wszyscy zdobywcy UCL

Kliknij tutaj aby rozwiązać quiz!

Ogólne statystyki

  • Ten quiz został rozwiązany 199 razy
  • Średni wynik to 49 z 68

Statystyki odpowiedzi

HintOdpowiedź% Poprawnych
55/56Real Madryt
99%
15/16Real Madryt
99%
99/00Real Madryt
99%
01/02Real Madryt
99%
56/57Real Madryt
99%
13/14Real Madryt
99%
97/98Real Madryt
99%
65/66Real Madryt
99%
16/17Real Madryt
99%
17/18Real Madryt
99%
21/22Real Madryt
99%
59/60Real Madryt
99%
58/59Real Madryt
99%
57/58Real Madryt
99%
18/19Liverpool
90%
80/81Liverpool
90%
83/84Liverpool
90%
04/05Liverpool
90%
77/78Liverpool
90%
76/77Liverpool
90%
07/08Manchester United
90%
98/99Manchester United
90%
67/68Manchester United
90%
02/03AC Milan
88%
93/94AC Milan
88%
06/07AC Milan
88%
88/89AC Milan
88%
89/90AC Milan
88%
68/69AC Milan
88%
62/63AC Milan
88%
73/74Bayern Monachium
88%
12/13Bayern Monachium
88%
19/20Bayern Monachium
88%
00/01Bayern Monachium
88%
75/76Bayern Monachium
88%
74/75Bayern Monachium
88%
05/06FC Barcelona
83%
20/21Chelsea
82%
11/12Chelsea
82%
64/65Inter Mediolan
81%
09/10Inter Mediolan
81%
63/64Inter Mediolan
81%
84/85Juventus
71%
95/96Juventus
71%
03/04FC Porto
62%
86/87FC Porto
62%
70/71Ajax Amsetrdam
61%
72/73Ajax Amsterdam
61%
71/72Ajax Amsterdam
61%
94/95Ajax Amsterdam
61%
96/97Borussia Dortmund
58%
91/92FC Barcelona
55%
08/09FC Barcelona
55%
10/11FC Barcelona
55%
14/15FC Barcelona
55%
78/79Nottingham Forest
39%
79/80Nottingham Forest
39%
81/82Aston Villa
30%
87/88PSV
30%
66/67Celtic Glasgow
29%
82/83Hamburger SV
25%
22/23??????
20%
90/91Crvena Zvezda Belgrad
9%
92/93Olympique Marseille
9%
85/86Steaua Bukarest
8%
61/62Benefica Lizbona
4%
60/61Benefica Lizbona
4%
69/70RV&AV Feijnoord
0%

Rozkład punktacji

Percentyl według liczby udzielonych odpowiedzi

Procent ludzi z każdym wynikiem

Twoja historia wyników

Nie rozwiązałeś tego quizu